Covering densities

Podrobná bibliografia
Hlavný autor: Paštéka, Milan, 1962- (Autor)
Médium: Článok
Jazyk:slovenčina
angličtina
Fyzický popis:Lit. 25 zázn. v angl., franc., nem., ruš., tal.
ISSN:0139-9918
Predmet:

MARC

LEADER 00000nab a2200000 a 4500
001 vtls000505511
003 SK-MaSNL
005 20260304090421.0
008 250425c1992 xo 0 slo
015 |a SNBRB19rr/mm-uuuuu 
035 |a CL0505649 
035 |a urn:nbn:sk:snk-abbo1z 
035 |a (urnnbn)urn:nbn:sk:snk:ar-006lfh 
035 |a (uuid)8d708832-334f-4d63-a1a0-066a30a18b93 
040 |a SNKBUCL  |b slo  |c SNKBUCL  |e AACR2 
041 0 |a eng 
044 |a xo  |c SK 
080 |a 517.518.1  |2 1981 
100 1 |a Paštéka, Milan,  |d 1962-  |4 aut  |9 193332 
245 1 0 |a Covering densities  |c Milan Paštéka 
300 |b Lit. 25 zázn. v angl., franc., nem., ruš., tal. 
650 0 7 |a miera (mat.)  |2 snkbucl  |9 1381420 
650 0 7 |a postupnosti aritmetické  |2 snkbucl  |9 1381421 
655 7 |a články z novín a časopisov  |2 snkbucl  |9 267496 
773 0 |t Mathematica slovaca  |g Roč. 42, č. 5 (1992), s. 593-614  |x 0139-9918 
850 |a Slovenská národná knižnica 
852 |a Slovenská národná knižnica 
958 |a article15 
958 |a NB 
958 |a RK 
958 |a OND 
958 |a EUIPO 
992 |a RBX 
999 |c 2811388  |d 2813318